| 000 | 00426nam a2200181Ia 4500 | ||
|---|---|---|---|
| 001 | 14446 | ||
| 005 | 20260306164915.0 | ||
| 008 | 260306t1992||||xx |||||||||||||| ||spa|| | ||
| 041 | _aESP | ||
| 082 |
_a515 _bS26 |
||
| 100 |
_aSaravia Swett, Hugo _eAUT |
||
| 245 | 0 | _aIntroducción al análisis | |
| 260 | _c1992 | ||
| 300 |
_axiv, 340 páginas : _c20 cm. |
||
| 650 | _aGEN | ||
| 654 | _aCMA | ||
| 942 |
_cLIB _dJUS _fJUS _2ddc _n |
||
| 999 |
_c14446 _d14446 |
||